000 00302nam a22001337a 4500
008 170407b xxu||||| |||| 00| 0 eng d
020 _a2900443068507
041 _aeng
080 _a611.018
100 _a9
101 _aSHM
245 _aWHEATER'S/ FUNCTIONAL HISTOLOGY
_cYOUNG, B
942 _2udc
_cBK
999 _c10080
_d10080